Statistics for Toy Story Movies

Click here to take the quiz!

General Stats

  • This quiz has been taken 13 times
  • The average score is 5 of 9

Answer Stats

YearMovie% Correct
2019Toy Story 4
100%
1995Toy Story
100%
1999Toy Story 2
92%
2010Toy Story 3
92%
2000Buzz Lightyear of Star Command
15%
2013Toy Story of Terror
15%
2014Toy Story that Time Forgot
15%
2022Lightyear
15%
2020Lamp Life
8%

Score Distribution

Percentile by Number Answered

Percent of People with Each Score

Your Score History

You have not taken this quiz